[Event "Youth Classic 2017 - Youth Open U14"]
[Site "Hasselgrundhalle - Bad Soden a"]
[Date "2017.10.01"]
[Round "5.13"]
[White "Senko, Daniel"]
[Black "Paukstys, Andrius"]
[Result "1-0"]
[WhiteElo "1229"]
[BlackElo "975"]
[PlyCount "115"]
[EventDate "2017.??.??"]
[WhiteTeam "SC Bad Soden"]
[BlackTeam "SC Bad Soden"]

1. e4 e5 2. Nf3 Nc6 3. d4 d6 4. d5 Nd4 5. Nxd4 exd4 6. Qxd4 c5 7. dxc6 bxc6 8.
Nc3 Nf6 9. e5 dxe5 10. Qxe5+ Be7 11. Bc4 O-O 12. O-O Qb6 13. Qxe7 Re8 14. Bxf7+
Kh8 15. Bxe8 Bf5 16. Bh6 Nxe8 17. Qe5 Bxc2 18. Rfe1 Qd8 19. Ne4 Bxe4 20. Rxe4
Kg8 21. Bg5 Qd7 22. Be7 Nc7 23. h3 Re8 24. Rae1 Nd5 25. Qe6+ Qxe6 26. Rxe6 Kf7
27. Rxc6 Nxe7 28. Rc7 a6 29. b4 Kf8 30. a4 Nd5 31. Rxe8+ Kxe8 32. Rc4 Nb6 33.
Rc6 Nxa4 34. Rxa6 Nc3 35. Kf1 g5 36. Ke1 h5 37. Kd2 Nb5 38. Kd3 Kd7 39. Kc4
Nd6+ 40. Rxd6+ Kxd6 41. g3 g4 42. hxg4 hxg4 43. b5 Kc7 44. Kd4 Kb6 45. Ke4 Kxb5
46. Kf4 Kc6 47. Kxg4 Kd5 48. f4 Ke6 49. f5+ Kf6 50. Kf4 Kg7 51. g4 Kf6 52. g5+
Kg7 53. Ke5 Kf7 54. g6+ Kg7 55. Ke6 Kf8 56. f6 Kg8 57. g7 Kh7 58. Kf7 1-0

[Event "Youth Classic 2017 - Youth Open U14"]
[Site "Hasselgrundhalle - Bad Soden a"]
[Date "2017.10.01"]
[Round "5.14"]
[White "Haller, Christian"]
[Black "Edelmann, Anastasija"]
[Result "1-0"]
[WhiteElo "1047"]
[BlackElo "956"]
[PlyCount "91"]
[EventDate "2017.??.??"]
[WhiteTeam "SC Bad Soden"]
[BlackTeam "SC Frankfurt-West"]

1. e4 e5 2. Nf3 Nc6 3. Bc4 Nf6 4. d3 d5 5. exd5 Nxd5 6. a3 Bd6 7. Nbd2 Qe7 8.
Bxd5 Nd4 9. c3 Nf5 10. Ne4 c6 11. Nxd6+ Qxd6 12. Be4 Ne7 13. Be3 f5 14. Bxc6+
bxc6 15. d4 e4 16. Ne5 Ng6 17. Nxg6 Qxg6 18. g3 O-O 19. d5 Rd8 20. c4 Ba6 21.
b3 Qf6 22. Rb1 Qc3+ 23. Bd2 Qe5 24. dxc6 Qc5 25. Qe2 Qxc6 26. Bc3 Rab8 27. O-O
Bxc4 28. Qxc4+ Qxc4 29. bxc4 Rbc8 30. Rb4 a5 31. Ra4 Rd3 32. Bxa5 Ra8 33. Rc1
Kf8 34. Bb4+ Kf7 35. Rxa8 e3 36. fxe3 Rxe3 37. c5 Kg6 38. c6 Kh5 39. c7 g5 40.
c8=Q h6 41. Qe8+ Kg4 42. Qxe3 Kh5 43. Qe2+ Kg6 44. Rg8+ Kh7 45. Rc7+ Kxg8 46.
Qe8# 1-0

[Event "Youth Classic 2017 - Youth Open U14"]
[Site "Hasselgrundhalle - Bad Soden a"]
[Date "2017.10.01"]
[Round "5.16"]
[White "Rahimova, Sarah"]
[Black "Pfaff, Pawel"]
[Result "1-0"]
[WhiteElo "987"]
[BlackElo "1021"]
[PlyCount "85"]
[EventDate "2017.??.??"]
[WhiteTeam "SK Bad Homburg"]
[BlackTeam "SC Bad Soden"]

1. e4 e5 2. Nf3 Nc6 3. Nc3 Bc5 4. Nxe5 d6 5. Nxc6 bxc6 6. d4 Bb4 7. Bd2 Nf6 8.
a3 Ba5 9. b4 Bb6 10. Bg5 h6 11. Bh4 g5 12. Bg3 g4 13. Bc4 d5 14. exd5 cxd5 15.
Bb5+ Bd7 16. Bxd7+ Qxd7 17. O-O O-O-O 18. Be5 Qe6 19. Re1 h5 20. Bxc7 Qf5 21.
Bxd8 Rxd8 22. Ne2 h4 23. g3 h3 24. Nf4 Bc7 25. Qe2 Bxf4 26. gxf4 Qxf4 27. Qa6+
Kd7 28. Qxa7+ Kc8 29. Qc5+ Kb8 30. Qb6+ Kc8 31. Re7 Rd7 32. Qc6+ Kd8 33. Rxd7+
Nxd7 34. Qxd5 f5 35. a4 Qd2 36. a5 Qc3 37. Rc1 Qd2 38. Rf1 Qxb4 39. a6 Qb6 40.
Ra1 Qb2 41. Qa5+ Ke7 42. a7 Qb7 43. a8=Q 1-0

[Event "Youth Classic 2017 - Youth Open U14"]
[Site "Hasselgrundhalle - Bad Soden a"]
[Date "2017.10.01"]
[Round "5.17"]
[White "Boder, Finn"]
[Black "Albrecht, Edwin"]
[Result "0-1"]
[WhiteElo "968"]
[BlackElo "952"]
[PlyCount "168"]
[EventDate "2017.??.??"]
[WhiteTeam "SG Mörsdorf-Lahr"]
[BlackTeam "SC Bad Soden"]

1. e4 e5 2. Nf3 Nc6 3. Bc4 Bc5 4. Nc3 Nf6 5. d3 O-O 6. Bg5 h6 7. Bh4 d6 8. h3
b6 9. Nd5 g5 10. Bg3 Bb7 11. a3 Rb8 12. c3 Nxd5 13. exd5 Na5 14. b4 Nxc4 15.
dxc4 Bxf2+ 16. Bxf2 c6 17. O-O cxd5 18. cxd5 Qc8 19. Qd3 Ba6 20. b5 Bb7 21. c4
a6 22. Rac1 Re8 23. Rfe1 Qd7 24. a4 Qe7 25. Qf5 e4 26. Nd4 Bc8 27. Nc6 Bxf5 28.
Nxe7+ Rxe7 29. Bg3 Rd7 30. bxa6 Ra8 31. Bf2 Rxa6 32. Ra1 Re7 33. Be3 Rc7 34.
Rec1 b5 35. cxb5 Rxc1+ 36. Bxc1 Ra8 37. Be3 Bd7 38. b6 Bxa4 39. b7 Rb8 40. Rxa4
Rxb7 41. Ra8+ Kg7 42. Bd4+ Kg6 43. Re8 Rb1+ 44. Kh2 Kf5 45. Rd8 Rd1 46. Bg7
Rxd5 47. Bxh6 Re5 48. Rxd6 e3 49. Rd1 e2 50. Re1 Kf4 51. Kg1 Ke3 52. Bg7 Rf5
53. Bh6 Kd2 54. Rxe2+ Kxe2 55. g4 Rf2 56. Bxg5 Kf3 57. Be7 Re2 58. Bb4 Rb2 59.
Bc5 Rb1+ 60. Kh2 Rb2+ 61. Kg1 Rc2 62. Bd6 Rd2 63. Bc5 Kg3 64. Kf1 Kf3 65. Ke1
Rc2 66. Bb4 Ke3 67. Kf1 Kf3 68. Kg1 Kg3 69. Bd6+ Kxh3 70. g5 Rg2+ 71. Kf1 Rxg5
72. Ke2 f6 73. Be7 Re5+ 74. Kf3 Rxe7 75. Kf4 Kh4 76. Kf5 Rf7 77. Kg6 f5 78.
Kxf7 f4 79. Kf6 f3 80. Kf5 f2 81. Kf4 f1=Q+ 82. Ke3 Qg2 83. Kf4 Kh5 84. Kf5 Qg3
0-1

[Event "Youth Classic 2017 - Youth Open U14"]
[Site "Hasselgrundhalle - Bad Soden a"]
[Date "2017.10.01"]
[Round "5.18"]
[White "Gliesche, Joel"]
[Black "Markosyan, Aleksandr"]
[Result "1-0"]
[WhiteElo "732"]
[BlackElo "1048"]
[PlyCount "125"]
[EventDate "2017.??.??"]
[WhiteTeam "SG Mörsdorf-Lahr"]
[BlackTeam "SG Idstein"]

1. e4 e5 2. Nf3 Nc6 3. Bc4 Bc5 4. d3 Nf6 5. Nc3 d6 6. Bg5 Be6 7. a3 O-O 8. Bd5
h6 9. Bh4 Bg4 10. Bxc6 bxc6 11. O-O Rb8 12. b4 Bd4 13. Qd2 Bxf3 14. gxf3 d5 15.
Rae1 Bxc3 16. Qxc3 Re8 17. f4 Qd6 18. fxe5 Qxe5 19. d4 Qd6 20. e5 Ne4 21. Rxe4
Qg6+ 22. Qg3 Qxg3+ 23. Bxg3 dxe4 24. c3 Rb5 25. a4 Rd5 26. Re1 a5 27. b5 cxb5
28. axb5 Rxb5 29. Rxe4 Rb1+ 30. Kg2 a4 31. d5 a3 32. Ra4 Rb3 33. c4 f6 34. d6
cxd6 35. exd6 Rd8 36. c5 Kf7 37. c6 Rc8 38. d7 Rd8 39. c7 Ke7 40. c8=Q Rxd7 41.
Qc5+ Ke6 42. Rxa3 Rbb7 43. Ra6+ Kf7 44. Rc6 Ke8 45. Rc8+ Kf7 46. Rc7 Rbxc7 47.
Bxc7 Kg6 48. Bg3 Rf7 49. Qc6 Kh7 50. Qc2+ g6 51. h4 h5 52. f4 f5 53. Qe2 Rg7
54. Bf2 Kh6 55. Bd4 Rd7 56. Be5 Re7 57. Qa6 Re8 58. Qf6 Rg8 59. Qg5+ Kh7 60.
Qf6 Kh6 61. Qf7 g5 62. Qxg8 gxh4 63. Qg7# 1-0

[Event "Youth Classic 2017 - Youth Open U14"]
[Site "Hasselgrundhalle - Bad Soden a"]
[Date "2017.10.01"]
[Round "5.19"]
[White "Stapel, Max"]
[Black "Li, Toplink"]
[Result "1-0"]
[WhiteElo "934"]
[BlackElo "767"]
[PlyCount "65"]
[EventDate "2017.??.??"]
[WhiteTeam "SC Flörsheim"]
[BlackTeam "Frankfurter TV"]

1. e4 e5 2. Nf3 Nc6 3. Bb5 Nf6 4. Nc3 a6 5. Ba4 Bc5 6. O-O O-O 7. h3 b5 8. Bb3
Bb7 9. d3 h6 10. Nd5 d6 11. c3 Re8 12. Bd2 a5 13. c4 bxc4 14. dxc4 Nxe4 15. Bc2
Nf6 16. Nxf6+ Qxf6 17. Be1 e4 18. Nh2 Qxb2 19. Rb1 Qxa2 20. Rxb7 Qxc4 21. Rxc7
Rac8 22. Rxc8 Rxc8 23. Bb3 Qb5 24. Ba4 Qa6 25. Qd5 Re8 26. Bxc6 Re5 27. Bb7 Qb6
28. Qc6 Qa7 29. Qc8+ Kh7 30. Bc3 Re7 31. Bc6 a4 32. Ng4 g6 33. Nf6+ 1-0

[Event "Youth Classic 2017 - Youth Open U14"]
[Site "Hasselgrundhalle - Bad Soden a"]
[Date "2017.10.01"]
[Round "5.20"]
[White "Murmann, Jonas"]
[Black "Lassek, Bjarne"]
[Result "1-0"]
[WhiteElo "916"]
[BlackElo "731"]
[PlyCount "87"]
[EventDate "2017.??.??"]
[WhiteTeam "SG Mörsdorf-Lahr"]
[BlackTeam "SC Nied"]

1. d4 d5 2. c4 Nf6 3. Nc3 e6 4. Bg5 c6 5. e4 Be7 6. e5 Ne4 7. Nxe4 Bxg5 8. Nd6+
Ke7 9. Nf3 Bh6 10. Bd3 f6 11. c5 b6 12. b4 Ba6 13. Bxa6 Nxa6 14. Qa4 Nb8 15.
O-O b5 16. Qb3 fxe5 17. Nxe5 Bf4 18. Nef7 Bxd6 19. Nxd8 Rxd8 20. cxd6+ Kxd6 21.
Qg3+ Kd7 22. Qxg7+ Kd6 23. Qb7 Nd7 24. Rac1 Rdc8 25. Rc2 a6 26. Rfc1 Ke7 27.
Rxc6 Rcb8 28. Qc7 Rc8 29. Qd6+ Kd8 30. Rxc8+ Rxc8 31. Rxc8+ Kxc8 32. Qxe6 Kc7
33. Qxa6 Nb6 34. Qxb5 Kb7 35. a4 Ka7 36. a5 Nc8 37. Qd7+ Kb8 38. a6 Nd6 39.
Qxd6+ Kc8 40. Qe7 h6 41. a7 h5 42. b5 h4 43. b6 h3 44. b7# 1-0

[Event "Youth Classic 2017 - Youth Open U14"]
[Site "Hasselgrundhalle - Bad Soden a"]
[Date "2017.10.01"]
[Round "5.21"]
[White "Politoukhin, Nikolaj"]
[Black "Moldenhauer, Nils"]
[Result "0-1"]
[WhiteElo "876"]
[BlackElo "738"]
[PlyCount "36"]
[EventDate "2017.??.??"]
[WhiteTeam "SC Flörsheim"]
[BlackTeam "SV Oberursel"]

1. e4 e5 2. Nf3 Nc6 3. Bc4 Bc5 4. d3 Nf6 5. Bg5 h6 6. Bh4 d6 7. Nc3 Bg4 8. h3
Bh5 9. O-O Nd4 10. Re1 Nxf3+ 11. gxf3 Qd7 12. Bb5 c6 13. Bxf6 gxf6 14. Nd5
O-O-O 15. Nxf6 Qxh3 16. Nxh5 Qxh5 17. Ba4 Rhg8+ 18. Kf1 Qh4 0-1

[Event "Youth Classic 2017 - Youth Open U14"]
[Site "Hasselgrundhalle - Bad Soden a"]
[Date "2017.10.01"]
[Round "5.22"]
[White "Coskun, Eray"]
[Black "Samodurow, Georg"]
[Result "1-0"]
[WhiteElo "795"]
[BlackElo "831"]
[PlyCount "67"]
[EventDate "2017.??.??"]
[WhiteTeam "SC Flörsheim"]
[BlackTeam "SC Bad Soden"]

1. e4 e5 2. Nf3 Nc6 3. Bc4 Bc5 4. O-O Nf6 5. Nc3 O-O 6. d3 d6 7. h3 Re8 8. Bg5
h6 9. Bh4 b6 10. Nd5 Be6 11. a3 b5 12. Bxb5 Qd7 13. Bxf6 a6 14. Bxc6 Qxc6 15.
Ne7+ Rxe7 16. Bxe7 Qd7 17. Bh4 Re8 18. d4 Bb6 19. d5 Bxh3 20. gxh3 Qxh3 21. Qd3
Qg4+ 22. Bg3 Qc8 23. Rfe1 Qb7 24. Nh4 Qc8 25. Nf5 Qd8 26. Bh4 Qd7 27. Qg3 g6
28. Kh2 Kh7 29. Rg1 Rg8 30. Rg2 Qc8 31. Rag1 Qd7 32. Nxh6 Kxh6 33. Bg5+ Kh7 34.
Bf6 1-0

[Event "Youth Classic 2017 - Youth Open U14"]
[Site "Hasselgrundhalle - Bad Soden a"]
[Date "2017.10.01"]
[Round "5.24"]
[White "Wolf, Jonathan"]
[Black "Nedilko, Marko"]
[Result "0-1"]
[WhiteElo "791"]
[BlackElo "753"]
[PlyCount "68"]
[EventDate "2017.??.??"]
[WhiteTeam "SV Frankfurt Nord"]
[BlackTeam "SG Mörsdorf-Lahr"]

1. d4 d5 2. c4 e6 3. Nf3 Nf6 4. Bg5 Be7 5. e3 O-O 6. Bd3 Nc6 7. O-O b6 8. Nc3
Bb7 9. b3 a6 10. Bb1 Na7 11. Qc2 g6 12. Ne5 Qe8 13. Bh6 Ne4 14. Nxe4 dxe4 15.
Bxf8 Qxf8 16. Ng4 f5 17. Ne5 Qe8 18. g4 Nc6 19. gxf5 Nxe5 20. dxe5 exf5 21. Re1
Bb4 22. Rd1 Qxe5 23. a3 Qxa1 24. axb4 Qf6 25. Qd2 Qg5+ 26. Kf1 Bc6 27. b5 axb5
28. cxb5 Bxb5+ 29. Bd3 Bxd3+ 30. Qxd3 exd3 31. f4 Qh4 32. Rxd3 Ra1+ 33. Ke2
Qxh2+ 34. Kf3 Rf1# 0-1

[Event "Youth Classic 2017 - Youth Open U14"]
[Site "Hasselgrundhalle - Bad Soden a"]
[Date "2017.10.02"]
[Round "6.1"]
[White "Müller, Maurice-Pascal"]
[Black "Gallasch, Jonas"]
[Result "0-1"]
[WhiteElo "1403"]
[BlackElo "1761"]
[PlyCount "128"]
[EventDate "2017.??.??"]
[WhiteTeam "SC Landskrone"]
[BlackTeam "SG Porz"]

1. e4 c6 2. d4 d5 3. exd5 cxd5 4. c4 Nf6 5. Nc3 Nc6 6. Nf3 Bg4 7. Be3 e6 8. c5
Be7 9. Be2 O-O 10. O-O b6 11. cxb6 Qxb6 12. b3 a6 13. Na4 Qb7 14. Ne1 Bxe2 15.
Qxe2 Rfc8 16. Nd3 Nd7 17. Qg4 Nf6 18. Qe2 Qb5 19. Nc3 Qa5 20. Na4 Ne4 21. f3
Nc3 22. Nxc3 Qxc3 23. Rfd1 Nxd4 24. Bxd4 Qxd4+ 25. Nf2 Qb6 26. g3 Rc7 27. Rac1
Rac8 28. Rxc7 Rxc7 29. Kg2 Qb5 30. Qd2 Bb4 31. Qg5 Be7 32. Qf4 Qb6 33. Rc1 Rxc1
34. Qxc1 Qc5 35. Qd2 h6 36. Nd3 Qd4 37. Qc2 e5 38. Qc8+ Bf8 39. Qxa6 e4 40. Nf2
e3 41. Qd3 Qa7 42. a4 exf2 43. Qxd5 Qe3 44. Qc4 Qe1 45. Qf1 Bc5 46. g4 Kf8 47.
h4 Ke7 48. f4 Qxf1+ 49. Kxf1 Kd6 50. g5 Kd5 51. b4 Bxb4 52. Kxf2 Ke4 53. Kg3 h5
54. g6 f5 55. Kf2 Kxf4 56. Ke2 Kg3 57. Kf1 f4 58. Kg1 f3 59. Kf1 f2 60. Ke2 Kg2
61. Kd3 f1=Q+ 62. Kd4 Qe2 63. Kd5 Kf3 64. Kd4 Qe4# 0-1

[Event "Youth Classic 2017 - Youth Open U14"]
[Site "Hasselgrundhalle - Bad Soden a"]
[Date "2017.10.02"]
[Round "6.2"]
[White "Riemann, Jonas"]
[Black "Werner, Rosalie"]
[Result "1-0"]
[WhiteElo "1689"]
[BlackElo "1404"]
[PlyCount "87"]
[EventDate "2017.??.??"]
[WhiteTeam "SK Bickenbach"]
[BlackTeam "VSG Offenbach"]

1. e4 e6 2. d4 d5 3. Nd2 Nf6 4. e5 Nfd7 5. Bd3 c5 6. c3 Nc6 7. Ne2 f6 8. Nf4 h5
9. Nxe6 Qb6 10. Bg6+ Ke7 11. Nf4 Kd8 12. Nxd5 Qb5 13. a4 Qa6 14. Nf4 Nb6 15.
Ne4 cxd4 16. cxd4 Bb4+ 17. Bd2 Nc4 18. Bxb4 Nxb4 19. O-O Nxb2 20. Qb3 N2d3 21.
Nc5 Nxc5 22. dxc5 fxe5 23. Qxb4 exf4 24. Rad1+ Ke7 25. c6+ Kf6 26. Qd6+ Be6 27.
Be4 Rhe8 28. cxb7 Qxd6 29. bxa8=Q Qe7 30. Qc6 Rc8 31. Qb5 Rc4 32. Qb2+ Kf7 33.
Qe5 Qf6 34. Qxf6+ Kxf6 35. f3 Rxa4 36. Ra1 Rxa1 37. Rxa1 Kg5 38. Rxa7 Kh4 39.
Rxg7 Bg4 40. g3+ fxg3 41. hxg3+ Kh3 42. fxg4 hxg4 43. Kf2 Kh2 44. Rh7# 1-0

[Event "Youth Classic 2017 - Youth Open U14"]
[Site "Hasselgrundhalle - Bad Soden a"]
[Date "2017.10.02"]
[Round "6.3"]
[White "Schwegler, Jelena"]
[Black "Boder, Jan"]
[Result "0-1"]
[WhiteElo "1462"]
[BlackElo "1772"]
[PlyCount "186"]
[EventDate "2017.??.??"]
[WhiteTeam "SK Bad Homburg"]
[BlackTeam "SG Mörsdorf-Lahr"]

1. e4 c5 2. d4 cxd4 3. c3 Nf6 4. e5 Nd5 5. cxd4 d6 6. Bc4 Nb6 7. Bb3 Nc6 8. Nf3
Bf5 9. O-O e6 10. Qe2 d5 11. a3 Be7 12. Nc3 O-O 13. Be3 Na5 14. Qb5 Nxb3 15.
Qxb3 Qd7 16. Bg5 Bxg5 17. Nxg5 Nc4 18. Qa2 Rac8 19. Rac1 Qd8 20. Nf3 Qa5 21. h3
Rc7 22. Nh4 Bg6 23. Nxg6 fxg6 24. Rc2 Rfc8 25. Rfc1 b6 26. a4 a6 27. Ne2 b5 28.
b3 Nxe5 29. dxe5 Rxc2 30. Rxc2 Rxc2 31. Qxc2 Qe1+ 32. Kh2 Qxf2 33. Qc8+ Kf7 34.
Qd7+ Kf8 35. Ng3 bxa4 36. Qxa4 Qb6 37. Qa3+ Kf7 38. Qa4 h6 39. Qf4+ Kg8 40. Qf3
Qb8 41. Ne2 Qxe5+ 42. Kh1 Qf5 43. Qe3 e5 44. Ng3 Qf6 45. Qd3 Qe6 46. Nf1 Qc6
47. Ne3 Qc1+ 48. Kh2 d4 49. Ng4 Qc6 50. Nxe5 Qd6 51. Kh1 Qxe5 52. Qxa6 Qe1+ 53.
Kh2 Qb1 54. Qc4+ Kh7 55. Qxd4 Qxb3 56. Qd8 Qb2 57. Qd5 Qb8+ 58. Kh1 Qg3 59. Qd1
h5 60. Qe2 h4 61. Qd1 Kh6 62. Qc1+ g5 63. Qc6+ g6 64. Qd7 Qf4 65. Qd1 g4 66.
hxg4 Kg5 67. Qd5+ Kxg4 68. Qe6+ Qf5 69. Qc4+ Kh5 70. Qe2+ Qg4 71. Qe5+ Qg5 72.
Qh8+ Qh6 73. Qe5+ g5 74. Qe8+ Qg6 75. Qe2+ Kh6 76. Qg4 Qb1+ 77. Kh2 Qb8+ 78.
Kh1 Qf4 79. Qe6+ Kh5 80. Qe2+ g4 81. Qb5+ Kg6 82. Qc6+ Kg5 83. Qb5+ Qf5 84.
Qxf5+ Kxf5 85. Kh2 Kg5 86. g3 h3 87. Kg1 Kf5 88. Kf2 Ke4 89. Kg1 Kf3 90. Kh1
Kxg3 91. Kg1 h2+ 92. Kh1 Kf2 93. Kxh2 g3+ 0-1

[Event "Youth Classic 2017 - Youth Open U14"]
[Site "Hasselgrundhalle - Bad Soden a"]
[Date "2017.10.02"]
[Round "6.4"]
[White "Haack, Kevin"]
[Black "Werner, Tom"]
[Result "1/2-1/2"]
[WhiteElo "1655"]
[BlackElo "1554"]
[PlyCount "149"]
[EventDate "2017.??.??"]
[WhiteTeam "SC Bad Soden"]
[BlackTeam "VSG Offenbach"]

1. c4 e5 2. g3 Nf6 3. Bg2 d5 4. cxd5 Nxd5 5. Nc3 Nb6 6. e3 Nc6 7. Nge2 Bc5 8.
a3 Bf5 9. b4 Bd6 10. O-O Qd7 11. d4 Bh3 12. Bb2 Bxg2 13. Kxg2 Ne7 14. Ne4 Nc4
15. Bc3 Nd5 16. Nxd6+ cxd6 17. Qb3 Qe6 18. Kg1 Nxc3 19. Nxc3 d5 20. Rfd1 e4 21.
Rac1 Nb6 22. Nb5 O-O 23. Nc7 Qd7 24. Nxa8 Rxa8 25. Rc3 Nc4 26. Rxc4 dxc4 27.
Qxc4 Rc8 28. Qb3 b5 29. Qb1 Qd5 30. Rc1 Rc4 31. Rxc4 bxc4 32. Qc2 Qc6 33. b5
Qxb5 34. Qxe4 Qb8 35. Qc6 Qb1+ 36. Kg2 g6 37. Qxc4 Qe4+ 38. Kg1 Qb1+ 39. Qf1
Qb3 40. Qc1 a5 41. Kf1 Qd3+ 42. Ke1 Kg7 43. a4 Qb3 44. Qd1 Qc3+ 45. Qd2 Qa1+
46. Qd1 Qc3+ 47. Ke2 Qc4+ 48. Kf3 Qd5+ 49. e4 Qh5+ 50. g4 Qh3+ 51. Ke2 Qxg4+
52. f3 Qg2+ 53. Ke3 Qxh2 54. d5 Qd6 55. Qd4+ Kh6 56. e5 Qa3+ 57. Ke4 Qa2 58. d6
Qb1+ 59. Ke3 Qe1+ 60. Kd3 Qd1+ 61. Ke4 Qb1+ 62. Kf4 g5+ 63. Kg4 Kg6 64. Qe4+
f5+ 65. exf6+ Qxe4+ 66. fxe4 h5+ 67. Kg3 Kxf6 68. e5+ Ke6 69. Kf3 Kd7 70. Kg3
Ke6 71. Kf3 Kd7 72. Ke3 Ke6 73. Ke4 h4 74. Kf3 h3 75. Kg3 1/2-1/2

[Event "Youth Classic 2017 - Youth Open U14"]
[Site "Hasselgrundhalle - Bad Soden a"]
[Date "2017.10.02"]
[Round "6.5"]
[White "Porstendörfer, Yannik"]
[Black "Hagner, Bennet"]
[Result "0-1"]
[WhiteElo "1231"]
[BlackElo "1680"]
[PlyCount "104"]
[EventDate "2017.??.??"]
[WhiteTeam "SK Klingenberg"]
[BlackTeam "Frankfurter TV"]

1. c4 d6 2. Nc3 Nf6 3. d4 g6 4. Bg5 Bg7 5. Qd2 Nbd7 6. Bh6 O-O 7. Nf3 c5 8.
Bxg7 Kxg7 9. d5 Nb6 10. b3 Bf5 11. Nh4 Bd7 12. e4 Re8 13. f3 e6 14. g4 Nxe4 15.
Nxe4 Qxh4+ 16. Kd1 exd5 17. cxd5 Re5 18. Bc4 Bxg4 19. fxg4 Qxg4+ 20. Kc2 Nxc4
21. bxc4 Rxe4 22. Qc3+ Kg8 23. Rag1 Qe2+ 24. Kb3 Re3 25. Re1 Rxc3+ 26. Kxc3
Qxa2 27. Re7 Qg2 28. Rhe1 Qf2 29. R1e2 Qd4+ 30. Kb3 Qd3+ 31. Kb2 Qxc4 32. R2e4
Qxd5 33. Re8+ Rxe8 34. Rxe8+ Kg7 35. Rg8+ Kxg8 36. h4 Qd3 37. h5 c4 38. hxg6
c3+ 39. Ka2 c2 40. gxf7+ Kxf7 41. Kb2 a5 42. Ka2 a4 43. Kb2 h5 44. Ka2 h4 45.
Kb2 h3 46. Ka2 a3 47. Ka1 h2 48. Ka2 b5 49. Ka1 b4 50. Ka2 b3+ 51. Ka1 b2+ 52.
Ka2 c1=N# 0-1

[Event "Youth Classic 2017 - Youth Open U14"]
[Site "Hasselgrundhalle - Bad Soden a"]
[Date "2017.10.02"]
[Round "6.6"]
[White "Lorenz, Alexander"]
[Black "Gräf, Jakob"]
[Result "1-0"]
[WhiteElo "1539"]
[BlackElo "1268"]
[PlyCount "95"]
[EventDate "2017.??.??"]
[WhiteTeam "SV Bergwinkel"]
[BlackTeam "SV Frankfurt Nord"]

1. e4 c6 2. d4 d5 3. Nc3 dxe4 4. Nxe4 Bf5 5. Ng3 Bg6 6. h4 h6 7. Nf3 Nd7 8. h5
Bh7 9. Bd3 Bxd3 10. Qxd3 e6 11. Bd2 Ngf6 12. O-O-O Bd6 13. Ne4 Nxe4 14. Qxe4
Nf6 15. Qe2 Qc7 16. Bc3 Nd5 17. Bd2 O-O-O 18. g3 Nf6 19. Be3 Kb8 20. c4 c5 21.
Ne5 cxd4 22. Bxd4 Ka8 23. b3 Bc5 24. Bxc5 Qxc5 25. Nxf7 Rxd1+ 26. Rxd1 Rf8 27.
Qxe6 Qxf2 28. Qe7 a6 29. Qxf8+ Ka7 30. Qd6 Ne4 31. Qd4+ Qxd4 32. Rxd4 Nxg3 33.
Rd7 Nxh5 34. Nd6 g5 35. Rxb7+ Ka8 36. Rh7 Nf4 37. Rxh6 g4 38. Rh4 Nd3+ 39. Kc2
Nf2 40. Nf5 Kb7 41. Kd2 Ne4+ 42. Ke3 Nf6 43. Nh6 g3 44. Kf3 Kb6 45. Kxg3 Ka5
46. Kf4 Kb4 47. Ke5 Nd7+ 48. Kd6 1-0

[Event "Youth Classic 2017 - Youth Open U14"]
[Site "Hasselgrundhalle - Bad Soden a"]
[Date "2017.10.02"]
[Round "6.7"]
[White "Wu, Sifan"]
[Black "Czinkota, Michael"]
[Result "1-0"]
[WhiteElo "1264"]
[BlackElo "1035"]
[PlyCount "87"]
[EventDate "2017.??.??"]
[WhiteTeam "SV Oberursel"]
[BlackTeam "SC Bad Soden"]

1. e4 e5 2. Nf3 Nc6 3. Bb5 a6 4. Bxc6 dxc6 5. O-O Nf6 6. Nxe5 Bd6 7. Nf3 Nxe4
8. Re1 Bf5 9. d3 O-O 10. dxe4 Bxe4 11. Nc3 Re8 12. Bf4 Bxf3 13. Qxf3 Bxf4 14.
Rxe8+ Qxe8 15. Qxf4 Qd7 16. Rd1 Qe7 17. h3 h6 18. Qe4 Qc5 19. Rd7 Rf8 20. Rxc7
Qb6 21. Qe7 Qxb2 22. Ne4 Qc1+ 23. Kh2 Qf4+ 24. g3 Qc1 25. Nc5 b6 26. Ne6 Qe1
27. Qxf8+ Kh7 28. Qxf7 Qe5 29. Qxg7+ Qxg7 30. Rxg7+ Kh8 31. Kg2 b5 32. Kf3 b4
33. Ke4 c5 34. Kd5 b3 35. cxb3 a5 36. Kxc5 h5 37. Rg5 h4 38. Kd6 a4 39. Ke7 Kh7
40. Kf7 Kh6 41. Rg8 Kh7 42. Ng5+ Kh6 43. Kf6 a3 44. Rh8# 1-0

[Event "Youth Classic 2017 - Youth Open U14"]
[Site "Hasselgrundhalle - Bad Soden a"]
[Date "2017.10.02"]
[Round "6.8"]
[White "Haller, Andreas"]
[Black "Gertel, Josef"]
[Result "1/2-1/2"]
[WhiteElo "1033"]
[BlackElo "1253"]
[PlyCount "107"]
[EventDate "2017.??.??"]
[WhiteTeam "SC Bad Soden"]
[BlackTeam "SC Frankfurt-West"]

1. e4 e5 2. Nf3 Nc6 3. Bc4 Nf6 4. d3 d5 5. exd5 Nxd5 6. O-O h6 7. Re1 Be6 8.
Nxe5 Qd6 9. Nxc6 Qxc6 10. Bd2 Bd6 11. Nc3 O-O 12. Nxd5 Bxd5 13. Bxd5 Qxd5 14.
Qg4 h5 15. Qh3 g6 16. Bc3 Qg5 17. Qe3 Qxe3 18. Rxe3 Rfe8 19. Rae1 Rxe3 20. Rxe3
a5 21. g3 a4 22. Re4 a3 23. b3 b5 24. Be5 Bxe5 25. Rxe5 c6 26. Re7 Rc8 27. Kf1
Kg7 28. Re4 Rc7 29. h4 Kf6 30. c4 Kf5 31. Re1 Rd7 32. Rd1 b4 33. f3 c5 34. Kf2
g5 35. hxg5 Kxg5 36. Ke3 Re7+ 37. Kf2 Rd7 38. Kg2 h4 39. Kh3 hxg3 40. Kxg3 Rd4
41. Rd2 f5 42. Kf2 Rd7 43. Kg3 f4+ 44. Kf2 Kh4 45. Rd1 Kg5 46. Rg1+ Kf6 47. Rd1
Ke5 48. Ke2 Kd4 49. Kd2 Rh7 50. Re1 Rh2+ 51. Re2 Rxe2+ 52. Kxe2 Kc3 53. d4 Kxd4
54. Kd2 1/2-1/2

[Event "Youth Classic 2017 - Youth Open U14"]
[Site "Hasselgrundhalle - Bad Soden a"]
[Date "2017.10.02"]
[Round "6.9"]
[White "Goetz, Fenja"]
[Black "Wisniewski, Niklas Lorenz"]
[Result "1-0"]
[WhiteElo "1236"]
[BlackElo "1031"]
[PlyCount "65"]
[EventDate "2017.??.??"]
[WhiteTeam "SK Bad Homburg"]
[BlackTeam "SC Bad Soden"]

1. e4 c5 2. f4 Nc6 3. Nf3 d6 4. Be2 Bg4 5. O-O Nf6 6. Nc3 d5 7. d3 d4 8. Na4 e6
9. b3 h6 10. Nb2 Bd6 11. e5 Bc7 12. exf6 Qxf6 13. Nd2 Bxe2 14. Qxe2 Bxf4 15.
Ne4 Qg6 16. Bxf4 h5 17. Nc4 h4 18. h3 Rh5 19. Ncd6+ Ke7 20. Nxb7 e5 21. Bh2 Rb8
22. Nbxc5 Rf8 23. Rae1 f5 24. Nd2 Kd6 25. Na4 f4 26. Qf3 Nb4 27. Nc4+ Ke7 28.
Qb7+ Kd8 29. Qxb4 f3 30. Qxf8+ Kd7 31. Rxf3 Qg5 32. Rxe5 Qc1+ 33. Rf1 1-0

[Event "Youth Classic 2017 - Youth Open U14"]
[Site "Hasselgrundhalle - Bad Soden a"]
[Date "2017.10.02"]
[Round "6.10"]
[White "Fuchs, Henrik"]
[Black "Senko, Daniel"]
[Result "1-0"]
[WhiteElo "988"]
[BlackElo "1229"]
[PlyCount "69"]
[EventDate "2017.??.??"]
[WhiteTeam "SC Bad Soden"]
[BlackTeam "SC Bad Soden"]

1. d4 d5 2. Bg5 f6 3. Bf4 Nc6 4. Nf3 Bf5 5. a3 e6 6. c4 g5 7. Bg3 Qd7 8. Nc3
O-O-O 9. e3 h5 10. h3 Nge7 11. b4 dxc4 12. Bxc4 Ng6 13. O-O e5 14. d5 Nce7 15.
e4 Bxh3 16. gxh3 Qxh3 17. b5 Nf4 18. Ne1 h4 19. Bh2 Qxc3 20. Rc1 Qh3 21. Qb3 f5
22. Bxf4 Qg4+ 23. Kh1 Qxf4 24. d6 Rxd6 25. Be6+ Kd8 26. Qc4 c6 27. exf5 Nxf5
28. Qxf4 exf4 29. Bxf5 cxb5 30. Rc8+ Ke7 31. Rc7+ Ke8 32. Rxb7 Ra6 33. Nc2 Rhh6
34. Re1+ Kd8 35. Rd7+ 1-0

[Event "Youth Classic 2017 - Youth Open U14"]
[Site "Hasselgrundhalle - Bad Soden a"]
[Date "2017.10.02"]
[Round "6.11"]
[White "Koch, Laura"]
[Black "Haller, Christian"]
[Result "0-1"]
[WhiteElo "774"]
[BlackElo "1047"]
[PlyCount "74"]
[EventDate "2017.??.??"]
[WhiteTeam "SV Frankfurt Nord"]
[BlackTeam "SC Bad Soden"]

1. e4 e5 2. Nf3 Nc6 3. d4 exd4 4. Nxd4 Bc5 5. Be3 Qf6 6. Nxc6 Bxe3 7. fxe3 Qxb2
8. Nd2 bxc6 9. Bc4 Nf6 10. O-O O-O 11. Rf5 d5 12. Rb1 Qa3 13. Re5 Qxe3+ 14. Kh1
dxc4 15. Nxc4 Qh6 16. h3 Ng4 17. Qf3 Nxe5 18. Nxe5 Be6 19. Rb7 Qc1+ 20. Kh2
Qxc2 21. Rxc7 Qxa2 22. Rxc6 a5 23. Qd3 a4 24. Rc7 Qb2 25. Nd7 Bxd7 26. Qxd7 a3
27. Rb7 Qe5+ 28. Kg1 a2 29. Ra7 Rxa7 30. Qxa7 a1=Q+ 31. Qxa1 Qxa1+ 32. Kf2 Qd4+
33. Kf3 Re8 34. g4 Rxe4 35. g5 Qd3+ 36. Kf2 Re2+ 37. Kf1 Qd1# 0-1